<?xml version="1.0" encoding="UTF-8"?><?xml-stylesheet type="text/xsl" href="static/style.xsl"?><OAI-PMH xmlns="http://www.openarchives.org/OAI/2.0/" xmlns:xsi="http://www.w3.org/2001/XMLSchema-instance" xsi:schemaLocation="http://www.openarchives.org/OAI/2.0/ http://www.openarchives.org/OAI/2.0/OAI-PMH.xsd"><responseDate>2026-04-29T02:37:58Z</responseDate><request verb="GetRecord" identifier="oai:repisalud.isciii.es:20.500.12105/23167" metadataPrefix="marc">https://repisalud.isciii.es/rest/oai/request</request><GetRecord><record><header><identifier>oai:repisalud.isciii.es:20.500.12105/23167</identifier><datestamp>2024-11-28T19:44:06Z</datestamp><setSpec>com_20.500.12105_15322</setSpec><setSpec>com_20.500.12105_2051</setSpec><setSpec>col_20.500.12105_16967</setSpec></header><metadata><record xmlns="http://www.loc.gov/MARC21/slim" xmlns:dcterms="http://purl.org/dc/terms/" xmlns:doc="http://www.lyncode.com/xoai" xmlns:xsi="http://www.w3.org/2001/XMLSchema-instance" xsi:schemaLocation="http://www.loc.gov/MARC21/slim http://www.loc.gov/standards/marcxml/schema/MARC21slim.xsd">
   <leader>00925njm 22002777a 4500</leader>
   <datafield ind2=" " ind1=" " tag="042">
      <subfield code="a">dc</subfield>
   </datafield>
   <datafield ind2=" " ind1=" " tag="720">
      <subfield code="a">Sitges, Carolina</subfield>
      <subfield code="e">author</subfield>
   </datafield>
   <datafield ind2=" " ind1=" " tag="720">
      <subfield code="a">Velasco-Roldán, Olga</subfield>
      <subfield code="e">author</subfield>
   </datafield>
   <datafield ind2=" " ind1=" " tag="720">
      <subfield code="a">Crespí-Palmer, Jaume</subfield>
      <subfield code="e">author</subfield>
   </datafield>
   <datafield ind2=" " ind1=" " tag="720">
      <subfield code="a">García-Dopico, Nuria</subfield>
      <subfield code="e">author</subfield>
   </datafield>
   <datafield ind2=" " ind1=" " tag="720">
      <subfield code="a">Segur-Ferrer, Joan</subfield>
      <subfield code="e">author</subfield>
   </datafield>
   <datafield ind2=" " ind1=" " tag="720">
      <subfield code="a">González-Roldán, Ana María</subfield>
      <subfield code="e">author</subfield>
   </datafield>
   <datafield ind2=" " ind1=" " tag="720">
      <subfield code="a">Montoya, Pedro</subfield>
      <subfield code="e">author</subfield>
   </datafield>
   <datafield ind2=" " ind1=" " tag="260">
      <subfield code="c">2021</subfield>
   </datafield>
   <datafield ind2=" " ind1=" " tag="520">
      <subfield code="a">Background: Evidence-based clinical guidelines consider physical exercise one of the best nonpharmacological interventions for low-back pain (LBP), but it is necessary to clarify the exercise-induced hypoalgesia effect of different modalities of exercise in chronic pain populations. Purpose: This study focused on exploring acute changes in tactile and pressure-pain perception and lumbar strength and flexibility in patients with nonspecific chronic LBP (NSCLBP) after performing one of three 20-minute physical exercise modalities. Methods: A total of 81 patients with NSCLBP were pseudorandomly distributed into three groups of 20-minute physical exercise - 1) aerobic (n=21, mean age 42 +/- 9.72 years, nine men), 2) stretching (n=21, mean age 40 +/- 11.37 years, ten men), and 3) strengthening (n=20, mean age 35.80 +/- 11.56 years, ten men) - and 4) a control group (n=19, mean age 38.64 +/- 10.24 years, eight men), and completed self-reported questionnaires during the same period. Tactile and pressure-pain thresholds and isometric lumbar muscle endurance and flexibility were assessed before and after this brief exercise-based intervention. Results: All groups were comparable in terms of sociodemographic and clinical data, cardiovascular capacity, and self-reported data onphysical disability, mood, motivation, psychological response to stimulus properties of physical exercise, and physical activity enjoyment. Our analyses revealed higher tactile sensitivity (p&lt;0.001) and pressure-pain thresholds (p&lt;0.001) at the forefinger than other body locations. We also found lower pain sensitivity (p=0.010) and pressure pain-intensity ratings (p=0.001) and higher lumbar flexibility (p&lt;0.001) after intervention. After calculation of absolute pre-post differences, higher tactile sensitivity was observed at the gluteus medius muscle than the erector spinal muscle only after aerobic intervention (p=0.046). Conclusion: These results add some evidence about different modalities of exercise-induced hypoalgesia in NSCLBP. However, the fact that we also found improvements in the control group limits our conclusions.</subfield>
   </datafield>
   <datafield ind1="8" ind2=" " tag="024">
      <subfield code="a">Sitges C, Velasco-Roldan O, Crespi J, Garcia-Dopico N, Segur-Ferrer J, Gonzalez-Roldan AM, et al. Acute Effects of a Brief Physical Exercise Intervention on Somatosensory Perception, Lumbar Strength, and Flexibility in Patients with Nonspecific Chronic Low-Back Pain. J Pain Res. 2021;14:487-500.</subfield>
   </datafield>
   <datafield ind1="8" ind2=" " tag="024">
      <subfield code="a">1178-7090</subfield>
   </datafield>
   <datafield ind1="8" ind2=" " tag="024">
      <subfield code="a">https://hdl.handle.net/20.500.13003/19417</subfield>
   </datafield>
   <datafield ind1="8" ind2=" " tag="024">
      <subfield code="a">https://hdl.handle.net/20.500.12105/23167</subfield>
   </datafield>
   <datafield ind1="8" ind2=" " tag="024">
      <subfield code="a">33633462</subfield>
   </datafield>
   <datafield ind1="8" ind2=" " tag="024">
      <subfield code="a">10.2147/JPR.S274134</subfield>
   </datafield>
   <datafield ind1="8" ind2=" " tag="024">
      <subfield code="a">Journal of Pain Research</subfield>
   </datafield>
   <datafield ind1="8" ind2=" " tag="024">
      <subfield code="a">2-s2.0-85101859766</subfield>
   </datafield>
   <datafield ind1="8" ind2=" " tag="024">
      <subfield code="a">625397200001</subfield>
   </datafield>
   <datafield ind1="8" ind2=" " tag="024">
      <subfield code="a">L2006124836</subfield>
   </datafield>
   <datafield tag="653" ind2=" " ind1=" ">
      <subfield code="a">Low-back pain</subfield>
   </datafield>
   <datafield tag="653" ind2=" " ind1=" ">
      <subfield code="a">Exercise therapy</subfield>
   </datafield>
   <datafield tag="653" ind2=" " ind1=" ">
      <subfield code="a">Aerobic exercise</subfield>
   </datafield>
   <datafield tag="653" ind2=" " ind1=" ">
      <subfield code="a">Flexibility</subfield>
   </datafield>
   <datafield ind2="0" ind1="0" tag="245">
      <subfield code="a">Acute Effects of a Brief Physical Exercise Intervention on Somatosensory Perception, Lumbar Strength, and Flexibility in Patients with Nonspecific Chronic Low-Back Pain</subfield>
   </datafield>
</record></metadata></record></GetRecord></OAI-PMH>